| 000 | 00409nam a22001457a 4500 | ||
|---|---|---|---|
| 082 |
_a355.02 _bJOL _cL-30, P-144 |
||
| 100 |
_aJoly, Cyril., _937968 |
||
| 245 |
_aTake these men _cCyril Joly |
||
| 260 |
_aLondon: _bConstable and Company Ltd, _cc1995. |
||
| 300 |
_ax, 357 p.: _bill. ; |
||
| 526 |
_a0 _b0 _c0 _d355_020000000000000_JOL |
||
| 650 |
_aMCE _9379 |
||
| 650 |
_aTake these men _937969 |
||
| 942 |
_2ddc _cBK |
||
| 999 |
_c542690 _d542690 |
||